000 01008cam a2200253 4500
008 031013n2003 000 0 eng u
020 _a1857882822
035 _a(Sirsi) u123903
041 _aeng
050 _a332.41
_c18
100 _aBootle, Roger
245 _aMoney for nothing
_breal wealth, financial fantasies and the economy of the future
260 _aLondon
_bNicholas Brealey
_c2003
300 _ax, 380p.
_c24cm.
350 _a20
520 _aAimed primarily at general readers, this book provides an analysis of the financial markets over the last decade and shows how the perils of slump, deflation and protectionism can be overcome. Part one exposes the dangers arising from the end of the wealth illusion; part two looks at real sources of wealth; and part three predicts the economy of the future.
650 _aWEALTH
650 _aFINANCIAL MARKETS
650 _aFINANCIAL SYSTEM
650 _aDEFLATION
650 _aECONOMY
690 _aECONOMIC ISSUES
942 _n0
999 _c103117
_d103117